000 00574nam a2200205Ia 4500
003 OSt
005 20230502112319.0
008 210423s1996 xx 000 0 und d
020 _a818653511
040 _cAL
041 _aeng
082 _a660.60581 MURD
100 _aMURRAY (David R).
_995838
245 _aAdvanced methods in plant breeding and biotechnology.
260 _aNew Delhi
_bPanima Publishing Corporation
_c1996
300 _axiii,365
_bPB
365 _b895
_cINR
906 _aAdvanced ; biotechnology. ; breeding ; methods ; plant
942 _2ddc
_cBK
999 _c162937
_d162937